00505nam a22001457a 450000500170000000800410001702000150005804100130007308200120008610000550009824500920015326000560024530000330030165000250033420231123104337.0231123b |||||||| |||| 00| 0 eng d a0409021830 aEnglish  a342 DEV aDevenish, GE ; Govender, K and Hulme, D lEnglish  aAdministrative Law and Justice in South Africa / cGE Devenish, K Govender and D Hulme  aDurban : bButterworth Publishers (Pty) Ltd, c2001 bxviii, 567 pages ; c25 cm.  aLegal practice bLaw